| 000 | 01990nam a2200253 i 4500 | ||
|---|---|---|---|
| 001 | 185558 | ||
| 003 | ES-MaACL | ||
| 005 | 20250911063609.0 | ||
| 008 | 160712m18581864po |||| | por d | ||
| 100 | 1 |
_aCorreia, Gaspar, _d1495-1561 _9160136 |
|
| 245 | 1 | 0 |
_aLendas da India / _cpor Gaspar Correa; publicadas de ordem da classe de Sciencias Moraes, Politicas e Bellas Lettras da Academia Real das Sciencias de Lisboa e sob a direcção de Rodrigo José de Lima Felner. |
| 260 |
_aLisboa : _b[s.n.], _c1858-1864 ( _fTyp. da Academia Real das Ciencias de Lisboa) |
||
| 300 |
_a4 t. en 8 v. ; _c28 cm. |
||
| 490 | 1 |
_aColleççao de monumentos ineditos para a historia das conquistas dos portuguezes em Africa, Asia e America ; _v1-4. 1ª Serie. Historia de Asia |
|
| 505 | 8 | _aContiene: t. 1. Livro primeiro. Contendo as acçoens de Vasco de Gama, Pedralvares Cabral, João de nova... Lenda de 13 annos, desde o primeiro descobrimento da India até annode 1510 - t. 2. Livro segundo em que se recontão os famosos feitos d'Afonso d'Alborquerque, Lopo Soares, Diogo Lopes de Sequeira... Lenda de 17 annos acabados no anno de 1526 - t. 3. Livro terceiro que conta dos feitos de Pero Mascarenhas, e lopo Vaz de Sampayo, e Nuno da Cunha. Em que se passarão 17 annos - t. 4. Libro quarto. A quarta parte da cronica dos feytos que se passarão na India do ano de 1538 até o ano 1550 en que residirão seis gouernadores | |
| 530 | _aDisponible en formato digital. | ||
| 651 | 4 |
_aPortugal- _xColonias- _vHistoria- _vFuentes. _9172133 |
|
| 700 | 1 |
_aFelner, Rodrigo José de Lima, _d1809-1877 _9160137 |
|
| 710 | 2 |
_aAcademia das Ciências de Lisboa. _91159 |
|
| 830 | 1 | 0 |
_aCollecçao de monumentos ineditos para a historia das conquistas dos portuguezes em Africa, Asia e America _v1-4. 1ª Serie. Historia de Asia _9241782 |
| 852 |
_aES-MaACL _jG-6753-60 |
||
| 856 |
_uhttp://bdh-rd.bne.es/viewer.vm?id=0000248875&page=1 _zBiblioteca Digital Hispánica |
||
| 999 |
_c185558 _d185558 |
||